[Event "LGA Premium Cup"]
[Site "schach.lga.de"]
[Date "2004.09.12"]
[Round "4"]
[White "Balhar, Michael"]
[Black "Kaspar, Willi"]
[Result "0-1"]
[WhiteElo "1584"]
[BlackElo "2035"]
[PlyCount "98"]
[EventDate "2004.09.12"]
[SourceDate "2004.09.25"]

1. e4 e6 2. d4 c5 3. Nf3 cxd4 4. Nxd4 Nc6 5. Nc3 a6 6. Be3 Nf6 7. Bc4 Bb4 8. f3
d5 9. exd5 Nxd5 10. Nxc6 Bxc3+ 11. bxc3 Qh4+ 12. Bf2 Qxc4 13. Nd4 Qxc3+ 14. Kf1
O-O 15. Rb1 e5 16. Rb3 Qc4+ 17. Ne2 Bf5 18. c3 Rad8 19. Qe1 Bc2 20. Rb2 Bd3 21.
Kg1 Bxe2 22. Rxe2 Qxc3 23. Qxc3 Nxc3 24. Rxe5 Rd1+ 25. Be1 Nxa2 26. Kf2 Nc1 27.
Re7 Nd3+ 28. Ke2 Rxe1+ 29. Rxe1 Nxe1 30. Kxe1 Rb8 31. Kd2 Kf8 32. Rc7 a5 33.
Kc3 b5 34. Ra7 b4+ 35. Kb3 Rb5 36. Rc7 Re5 37. Rc2 Ke7 38. Rd2 Re3+ 39. Ka4
Ra3+ 40. Kb5 b3 41. Re2+ Kf6 42. Rd2 Ra2 43. Rd6+ Ke7 44. Rd3 b2 45. Rb3 a4 46.
Rb4 Ra3 47. Re4+ Kf8 48. Kb4 b1=Q+ 49. Kc4 Qc2+ 0-1

[Event "LGA Premium Cup"]
[Site "schach.lga.de"]
[Date "2004.09.12"]
[Round "4"]
[White "Rösch, Daniel"]
[Black "Buchal, Werner"]
[Result "0-1"]
[WhiteElo "1473"]
[BlackElo "1791"]
[PlyCount "108"]
[EventDate "2004.09.12"]
[SourceDate "2004.09.25"]

1. e4 d6 2. d4 Nf6 3. Nc3 g6 4. Bc4 Bg7 5. Nf3 O-O 6. h3 Nc6 7. Be3 a6 8. a3
Bd7 9. Qd2 Qc8 10. Bh6 e5 11. d5 Na5 12. Be2 b6 13. h4 Bg4 14. Qg5 Nh5 15. Nd2
Bxe2 16. Nxe2 f6 17. Qe3 f5 18. Bxg7 f4 19. Qh3 Kxg7 20. b4 Nb7 21. Qxc8 Raxc8
22. Nf3 h6 23. Rc1 a5 24. Nc3 axb4 25. axb4 Ra8 26. Kd2 Nf6 27. Nb5 Nxe4+ 28.
Ke2 Rf7 29. Ra1 Rxa1 30. Rxa1 Nd8 31. Ra8 Rd7 32. Rc8 Nf7 33. Rxc7 Rxc7 34.
Nxc7 Nf6 35. Nd2 g5 36. Ne6+ Kg6 37. hxg5 hxg5 38. c4 Nh6 39. f3 Nf5 40. Ne4
Nxe4 41. fxe4 Nd4+ 42. Nxd4 exd4 43. Kd3 g4 44. Kxd4 g3 45. c5 bxc5+ 46. bxc5
f3 47. cxd6 fxg2 48. d7 g1=Q+ 49. Ke5 Qb6 50. d6 g2 51. Ke6 Qd8 52. e5 g1=Q 53.
Kd5 Qg2+ 54. Ke6 Qa2# 0-1

[Event "LGA Premium Cup"]
[Site "schach.lga.de"]
[Date "2004.09.12"]
[Round "4"]
[White "Dehmel, Steffi"]
[Black "Deinlein, Albert"]
[Result "1-0"]
[WhiteElo "1791"]
[BlackElo "1621"]
[PlyCount "55"]
[EventDate "2004.09.12"]
[SourceDate "2004.09.25"]

1. e4 c5 2. Nc3 Nc6 3. g3 d6 4. Bg2 Nf6 5. f4 Bg4 6. Nf3 e5 7. d3 Nd4 8. O-O
Qd7 9. Be3 Be7 10. Qd2 Nxf3+ 11. Bxf3 Bh3 12. Bg2 Bxg2 13. Qxg2 O-O 14. f5 Ng4
15. Bd2 Nf6 16. g4 Ne8 17. g5 f6 18. g6 h6 19. Rf3 Nc7 20. Rh3 Rfe8 21. Bxh6
gxh6 22. Rxh6 Bf8 23. Rh4 Bg7 24. Rh7 Re7 25. Qh3 d5 26. exd5 Nxd5 27. Ne4 Nf4
28. Rxg7+ 1-0

[Event "LGA Premium Cup"]
[Site "schach.lga.de"]
[Date "2004.09.12"]
[Round "4"]
[White "Elster, Sebastian"]
[Black "Anders, Maik"]
[Result "1-0"]
[WhiteElo "1790"]
[BlackElo "1603"]
[PlyCount "80"]
[EventDate "2004.09.12"]
[SourceDate "2004.09.25"]

1. e4 d6 2. d4 Nf6 3. Nc3 g6 4. f4 Bg7 5. Nf3 Bg4 6. h3 Bxf3 7. Qxf3 c6 8. Bc4
b5 9. Bb3 O-O 10. e5 dxe5 11. dxe5 Ne8 12. Nxb5 e6 13. Bd2 a6 14. Nc3 Nc7 15.
Ne4 Nb5 16. c3 Qc7 17. a4 Na7 18. Bc2 Nd7 19. Be3 Rab8 20. Rb1 Nb6 21. Bc5 Nd5
22. O-O Rfe8 23. g4 Nc8 24. g5 Nce7 25. Nf6+ Bxf6 26. gxf6 Nf5 27. Bxf5 exf5
28. c4 Nb4 29. Qg3 h5 30. Rbd1 Qa5 31. Bd6 Rb7 32. Kh1 Qxa4 33. Qg5 Kh7 34. e6
fxe6 35. Rg1 Rg8 36. Be7 Rbb8 37. f7 Rg7 38. f8=Q Rxf8 39. Bxf8 c5 40. Bxg7 Qe8
1-0

[Event "LGA Premium Cup"]
[Site "schach.lga.de"]
[Date "2004.09.12"]
[Round "4"]
[White "Schiller, Angel"]
[Black "Zeug, Klaus-Peter"]
[Result "1-0"]
[WhiteElo "1749"]
[BlackElo "1510"]
[PlyCount "115"]
[EventDate "2004.09.12"]
[SourceDate "2004.09.25"]

1. e4 e5 2. Nf3 Nc6 3. Bb5 a6 4. Ba4 Nf6 5. O-O Be7 6. Re1 b5 7. Bb3 d6 8. c3
O-O 9. d3 Bg4 10. Nbd2 Re8 11. Nf1 Bf8 12. Ng3 Na5 13. Bc2 c5 14. h3 Bd7 15.
Bg5 h6 16. Bd2 Rc8 17. b4 cxb4 18. cxb4 Nc6 19. Bb3 Be6 20. Bxe6 Rxe6 21. Nf5
d5 22. a3 dxe4 23. dxe4 Rc7 24. Qb3 Rd7 25. Qc2 Kh7 26. Ng3 Nd4 27. Nxd4 Rxd4
28. Be3 Rc4 29. Qb1 Qa8 30. f3 g6 31. Rd1 Rec6 32. Rd3 Qc8 33. Qd1 Be7 34. Ne2
Rc2 35. Kh2 Rb2 36. Rc1 Rxc1 37. Nxc1 Qc2 38. Qxc2 Rxc2 39. Nb3 Ra2 40. Na5 Rc2
41. Nb7 Rc6 42. Bc5 Bxc5 43. Nxc5 Kg7 44. Rd8 a5 45. Rb8 axb4 46. axb4 Rc7 47.
Rxb5 Nd7 48. Nxd7 Rxd7 49. Rxe5 f6 50. Rc5 Kf7 51. e5 Rb7 52. b5 fxe5 53. Rxe5
Kf6 54. Rc5 Ke7 55. Rc6 Kf7 56. b6 Ke8 57. Rxg6 h5 58. Rh6 1-0

[Event "LGA Premium Cup"]
[Site "schach.lga.de"]
[Date "2004.09.12"]
[Round "4"]
[White "Frank, Gerhard"]
[Black "Kretschmer, Wolfgang"]
[Result "0-1"]
[WhiteElo "1507"]
[BlackElo "1746"]
[PlyCount "116"]
[EventDate "2004.09.12"]
[SourceDate "2004.09.25"]

1. e4 c5 2. Nf3 d6 3. Bc4 e6 4. Nc3 Nc6 5. b3 a6 6. a4 Be7 7. Bb2 Bf6 8. O-O
Nge7 9. Re1 Ng6 10. Rb1 O-O 11. Bf1 Rb8 12. Ne2 e5 13. Ng3 Nf4 14. Ne2 Ng6 15.
Ng3 b5 16. c3 b4 17. c4 Be7 18. d3 Be6 19. Bc1 f6 20. Be2 Nf4 21. Bxf4 exf4 22.
Nh5 g5 23. Nd2 Bf7 24. Bg4 Ne5 25. h4 Nxd3 26. Bf5 Qe8 27. Nxf4 Nxf4 28. Re3
Bh5 29. Bg4 h6 30. g3 Bxg4 31. Qxg4 Ng6 32. f4 Rd8 33. Kg2 Nh8 34. Rh1 h5 35.
Qf5 g4 36. Rhe1 Qf7 37. Qd5 Kg7 38. Qd3 Ng6 39. f5 Ne5 40. Qf1 Rfe8 41. Qf2 Bf8
42. Rd1 Kh7 43. Nf1 Bh6 44. Re2 Qb7 45. Rd5 Nf3 46. Ne3 Rxe4 47. Nxg4 Nxh4+ 48.
Kh3 hxg4+ 49. Kh2 Rxe2 50. Qxe2 Nf3+ 51. Kg2 Ne5 52. Qd1 Nf3 53. Kf2 Qe7 54.
Kg2 Qe4 55. Kf2 Qe3+ 56. Kg2 Qe4 57. Kf2 Be3+ 58. Ke2 Bd4+ 0-1

[Event "LGA Premium Cup"]
[Site "schach.lga.de"]
[Date "2004.09.12"]
[Round "4"]
[White "Ebenhöch, Daniel"]
[Black "Bildt, Maximilian"]
[Result "1/2-1/2"]
[WhiteElo "1721"]
[BlackElo "1462"]
[PlyCount "142"]
[EventDate "2004.09.12"]
[SourceDate "2004.09.25"]

1. Nf3 Nf6 2. c4 c5 3. Nc3 d5 4. cxd5 Nxd5 5. g3 g6 6. Bg2 Bg7 7. O-O O-O 8.
Nxd5 Qxd5 9. d3 Nc6 10. Qa4 Bd7 11. Qh4 Qf5 12. h3 e5 13. g4 Qf6 14. Bg5 Qd6
15. Nd2 f5 16. Nc4 Qe6 17. Ne3 Qd6 18. Nd5 Kh8 19. Rac1 Rf7 20. a3 Nd4 21. Rfe1
Bc6 22. Be7 Qe6 23. Nc7 Qxe7 24. Qxe7 Rxe7 25. Nxa8 Bxg2 26. Kxg2 Ne6 27. b4
Re8 28. Nc7 Nxc7 29. Rxc5 Ne6 30. Rc2 Bh6 31. e3 Kg8 32. Rec1 Kf7 33. Rc8 Re7
34. Ra8 b5 35. Kf1 Rd7 36. Ke2 e4 37. Rd1 Rc7 38. dxe4 fxe4 39. Rd5 Rb7 40. Re5
Bg7 41. Rxe4 Bb2 42. Kd2 Bxa3 43. Kc2 Kg7 44. Rxe6 Bxb4 45. Ree8 Be1 46. f4 a5
47. Kb2 a4 48. Reb8 Rxb8 49. Rxb8 b4 50. Ra8 a3+ 51. Kb3 Bd2 52. Re8 Kf7 53.
Re4 Kf6 54. h4 h5 55. gxh5 gxh5 56. Re5 Kg6 57. Rg5+ Kf6 58. Re5 Kg6 59. Ka2
Be1 60. Kb3 Bd2 61. Re8 Kf5 62. e4+ Kxf4 63. e5 Kf5 64. e6 Bc3 65. e7 Ke6 66.
Rf8 Kxe7 67. Rf5 Ke6 68. Rxh5 Kf6 69. Ra5 Kg6 70. Rg5+ Kh6 71. Rd5 Kg6 1/2-1/2

[Event "LGA Premium Cup"]
[Site "schach.lga.de"]
[Date "2004.09.12"]
[Round "4"]
[White "Zier, Oliver"]
[Black "Babichev, Vyacheslav"]
[Result "0-1"]
[WhiteElo "1444"]
[BlackElo "1716"]
[PlyCount "62"]
[EventDate "2004.09.12"]
[SourceDate "2004.09.25"]

1. d4 Nf6 2. c4 g6 3. Nc3 Bg7 4. g3 O-O 5. Bg2 d6 6. Nf3 Nc6 7. d5 Na5 8. Nd2
c5 9. Qc2 a6 10. O-O Bd7 11. Rb1 b6 12. b3 Rb8 13. Bb2 b5 14. Nce4 Nxe4 15.
Bxe4 Bxb2 16. Rxb2 Bh3 17. Re1 f5 18. Bh1 f4 19. Nf3 fxg3 20. hxg3 Bf5 21. Qd2
bxc4 22. Qh6 Rf7 23. Ng5 Rg7 24. Be4 Qf8 25. Bxf5 Qxf5 26. Kg2 c3 27. Rh1 cxb2
28. Nxh7 b1=Q 29. Ng5 Qxh1+ 30. Kxh1 Qxd5+ 31. Kh2 Qd2 0-1

[Event "LGA Premium Cup"]
[Site "schach.lga.de"]
[Date "2004.09.12"]
[Round "4"]
[White "Koellner, Ulrich"]
[Black "Schäfer, Erich"]
[Result "1-0"]
[WhiteElo "1712"]
[BlackElo "1440"]
[PlyCount "93"]
[EventDate "2004.09.12"]
[SourceDate "2004.09.25"]

1. d4 Nf6 2. c4 g6 3. Nc3 Bg7 4. e4 d6 5. f3 Nbd7 6. Bg5 O-O 7. Qd2 c5 8. d5
Nb6 9. Bd3 Qe8 10. Nge2 Bd7 11. Ng3 e5 12. h4 Qc8 13. h5 Bg4 14. hxg6 fxg6 15.
O-O-O Bh5 16. Bxf6 Bxf6 17. Nxh5 gxh5 18. Rxh5 Kf7 19. Rxh7+ Bg7 20. Rdh1 Rh8
21. Rxh8 Bxh8 22. Rh7+ Bg7 23. Qh6 Qg8 24. Qe6+ Kf8 25. Qxd6+ Kf7 26. Qe6+ Kf8
27. Qxg8+ Kxg8 28. Rh3 a6 29. Ne2 Nd7 30. Ng3 Bf6 31. Nf5 Bg5+ 32. Kc2 Nf6 33.
a3 Rd8 34. b4 cxb4 35. axb4 Kf7 36. Rg3 Kg6 37. c5 Nh5 38. Rh3 Nf4 39. Rh2 Nh5
40. Kb3 Nf4 41. Bf1 Nxd5 42. exd5 Kxf5 43. d6 Be3 44. Kc4 b5+ 45. Kd5 Bf2 46.
g4+ Kf4 47. Rxf2 1-0

[Event "LGA Premium Cup"]
[Site "schach.lga.de"]
[Date "2004.09.12"]
[Round "4"]
[White "Kordts, Florian"]
[Black "Riexinger, Martin"]
[Result "1-0"]
[WhiteElo "1698"]
[BlackElo "1422"]
[PlyCount "167"]
[EventDate "2004.09.12"]
[SourceDate "2004.09.25"]

1. c4 Nf6 2. Nc3 g6 3. e4 d6 4. d4 Bg7 5. f3 Nbd7 6. Nh3 e5 7. d5 Nc5 8. Nf2 a6
9. Be3 Ncd7 10. b4 b6 11. Bd3 a5 12. a3 axb4 13. axb4 Bb7 14. O-O O-O 15. Nb5
Ba6 16. Nc3 Bb7 17. Qd2 Re8 18. Be2 Nh5 19. Nh3 Qe7 20. Bd3 Rec8 21. Qb2 Qd8
22. Rxa8 Rxa8 23. Ra1 Rxa1+ 24. Qxa1 Qa8 25. Qxa8+ Bxa8 26. Nb5 c6 27. dxc6
Bxc6 28. Nxd6 Bf8 29. c5 bxc5 30. bxc5 Ng7 31. Bc4 Bxd6 32. cxd6 Ne8 33. Bb3
Nxd6 34. Nf2 Kg7 35. Nd3 f6 36. Nb4 Bb5 37. Kf2 Nc4 38. Ba7 Na5 39. Bd5 Nc4 40.
Na2 Nb2 41. Nc3 Ba6 42. Kg3 Nd3 43. Na4 h5 44. Bc6 Nf8 45. Nc5 Nxc5 46. Bxc5
Ne6 47. Be3 g5 48. h4 Kg6 49. Be8+ Kh6 50. Kh2 Nf4 51. g3 Ne6 52. Bf7 Bc8 53.
Be8 Ng7 54. Bf7 Ne6 55. Bd2 Nd4 56. Kg2 Be6 57. hxg5+ fxg5 58. Bxe6 Nxe6 59.
Bc3 Nd4 60. f4 exf4 61. Bxd4 fxg3 62. Kxg3 Kg6 63. Be5 Kf7 64. Bd4 Ke6 65. Kf3
Kf7 66. e5 Ke6 67. Ke4 h4 68. Bf2 h3 69. Bg3 g4 70. Bh2 g3 71. Bxg3 h2 72. Bxh2
Kf7 73. Kf5 Ke7 74. Bf4 Kf7 75. Bg5 Kf8 76. Kf6 Ke8 77. e6 Kf8 78. Bh6+ Ke8 79.
e7 Kd7 80. Kf7 Kd6 81. e8=Q Kd5 82. Qe6+ Kd4 83. Be3+ Kd3 84. Qe5 1-0

[Event "LGA Premium Cup"]
[Site "schach.lga.de"]
[Date "2004.09.12"]
[Round "4"]
[White "Alsheimer, Patrick"]
[Black "Stutz, Robert"]
[Result "0-1"]
[WhiteElo "1394"]
[BlackElo "1686"]
[PlyCount "152"]
[EventDate "2004.09.12"]
[SourceDate "2004.09.25"]

1. e4 e5 2. Nf3 d6 3. d4 Nf6 4. dxe5 Nxe4 5. exd6 Bxd6 6. Bd3 Nc5 7. O-O Nxd3
8. Qxd3 Qf6 9. Nc3 O-O 10. Bg5 Qg6 11. Qxg6 fxg6 12. Nd5 Nc6 13. Rfe1 Kf7 14.
c3 h6 15. Be3 Be6 16. Nf4 Bg4 17. Nd2 g5 18. Nd3 b6 19. Ne4 Be7 20. f3 Bf5 21.
Ndf2 Rad8 22. Ng3 Bg6 23. Nfe4 Ne5 24. Bd4 Nd3 25. Re2 c5 26. Be3 Rd7 27. Nf2
Rfd8 28. Nxd3 Rxd3 29. Ree1 b5 30. Rac1 c4 31. Bd4 Rd2 32. Re2 Rxe2 33. Nxe2 a6
34. Ng3 Bf6 35. Rd1 b4 36. Ne2 b3 37. a3 Be7 38. Ra1 Bd3 39. Ng3 Re8 40. Nf1
Bd6 41. Ne3 Bf4 42. Re1 Bd6 43. Ra1 Re7 44. Kf2 h5 45. g3 h4 46. Bb6 Re6 47.
Bd8 hxg3+ 48. hxg3 Bxg3+ 49. Kxg3 Rxe3 50. Bxg5 Re2 51. Bc1 Re1 52. Kf2 Rf1+
53. Kg2 Kf6 54. Bg5+ Kxg5 55. Rxf1 Bxf1+ 56. Kxf1 Kf4 57. Kf2 g6 58. a4 a5 59.
Ke2 Kg3 60. Ke3 Kg2 61. Ke2 g5 62. Ke3 Kf1 63. Ke4 Ke2 64. Kf5 Kd2 65. Kxg5 Kc2
66. f4 Kxb2 67. f5 Kc2 68. f6 b2 69. f7 b1=Q 70. f8=Q Kxc3 71. Qf6+ Kb3 72.
Qb6+ Ka2 73. Qf2+ Qb2 74. Qc5 c3 75. Qxa5 c2 76. Qd5+ Ka1 0-1

[Event "LGA Premium Cup"]
[Site "schach.lga.de"]
[Date "2004.09.12"]
[Round "4"]
[White "Dreiseitel, Werner"]
[Black "Brassat, Jürgen"]
[Result "0-1"]
[WhiteElo "1278"]
[BlackElo "1674"]
[PlyCount "88"]
[EventDate "2004.09.12"]
[SourceDate "2004.09.25"]

1. d4 d5 2. c4 e6 3. Nc3 Nf6 4. Nf3 Be7 5. e3 O-O 6. Bd3 Nbd7 7. O-O b6 8. cxd5
exd5 9. a3 Re8 10. b4 Bb7 11. Bb2 Rc8 12. Rc1 c6 13. Ne2 Bd6 14. Qd2 Ne4 15.
Qc2 Ndf6 16. Nd2 Bxh2+ 17. Kxh2 Ng4+ 18. Kg1 Nxd2 19. Bxh7+ Kf8 20. Bf5 Nxf1
21. Bxg4 Nxe3 22. fxe3 Rc7 23. Rf1 Qg5 24. Qf5 Qxe3+ 25. Kh1 Bc8 26. Qf4 Qxf4
27. Rxf4 Bxg4 28. Rxg4 Rxe2 29. Bc3 Re3 30. Bd2 Rxa3 31. Bh6 f6 32. Bf4 Rd7 33.
Rh4 a5 34. Rh8+ Kf7 35. bxa5 bxa5 36. Bd2 Ra2 37. Bb4 Ra4 38. Bd2 Rxd4 39. Be3
Rd1+ 40. Kh2 d4 41. Bf4 g5 42. Bg3 Kg7 43. Re8 Kg6 44. Re6 Rh7+ 0-1

[Event "LGA Premium Cup"]
[Site "schach.lga.de"]
[Date "2004.09.12"]
[Round "4"]
[White "Obernöder, Thomas"]
[Black "Lingl, Peter"]
[Result "1-0"]
[WhiteElo "1660"]
[BlackElo "1393"]
[PlyCount "35"]
[EventDate "2004.09.12"]
[SourceDate "2004.09.25"]

1. e4 e5 2. f4 d5 3. exd5 e4 4. d3 Nf6 5. Nc3 Bb4 6. Bd2 Bxc3 7. Bxc3 O-O 8.
dxe4 Re8 9. e5 Nxd5 10. Qd2 Bg4 11. Be2 Qd7 12. Bxg4 Qxg4 13. Qxd5 Qxf4 14. Qf3
Qg5 15. Ne2 Nc6 16. O-O Nxe5 17. Bxe5 Rxe5 18. Qxf7+ 1-0

[Event "LGA Premium Cup"]
[Site "schach.lga.de"]
[Date "2004.09.12"]
[Round "4"]
[White "Niederkleine, Ingmar"]
[Black "Hamelrath, Edward"]
[Result "0-1"]
[WhiteElo "1577"]
[BlackElo "1443"]
[PlyCount "103"]
[EventDate "2004.09.12"]
[SourceDate "2004.09.25"]

1. d4 d5 2. Nc3 Nf6 3. Bf4 c6 4. e3 Bf5 5. f3 e6 6. g4 Bg6 7. Bd3 Bd6 8. Nge2
Qc7 9. Bg3 Bxg3+ 10. Nxg3 e5 11. Nf5 Bxf5 12. Bxf5 g6 13. Bd3 Nbd7 14. Be2 exd4
15. Qxd4 Qe5 16. Qd2 O-O-O 17. Qd4 Qxd4 18. exd4 Rhe8 19. O-O-O Nf8 20. Rhe1
Ne6 21. Bf1 Nf4 22. Ne2 Nxe2+ 23. Rxe2 Rxe2 24. Bxe2 Re8 25. Kd2 Nd7 26. c3 Nf8
27. Rf1 Ne6 28. f4 g5 29. fxg5 Nxg5 30. Bd3 Re7 31. h4 Ne4+ 32. Bxe4 Rxe4 33.
Rxf7 Rxg4 34. Rxh7 Rg2+ 35. Kc1 Rh2 36. h5 a6 37. h6 Kb8 38. Rh8+ Ka7 39. a3
Kb6 40. Kb1 Rh3 41. Ka2 Rh2 42. h7 Rh3 43. Kb3 Rh2 44. Kb4 Rxb2+ 45. Ka4 Rh2
46. Kb3 Rh3 47. Kb4 Rh2 48. a4 Rb2+ 49. Ka3 Rh2 50. Kb3 Rh1 51. c4 Rh3+ 52. Kb4
0-1

[Event "LGA Premium Cup"]
[Site "schach.lga.de"]
[Date "2004.09.12"]
[Round "4"]
[White "Hennemann, Herbert"]
[Black "Stephan, Gilbert"]
[Result "1-0"]
[WhiteElo "1546"]
[BlackElo "1009"]
[PlyCount "55"]
[EventDate "2004.09.12"]
[SourceDate "2004.09.25"]

1. d4 d5 2. Nf3 c6 3. e3 Nf6 4. c4 e6 5. Nc3 Bb4 6. Bd2 Nbd7 7. Rc1 Qe7 8. a3
Ba5 9. Na4 Ne4 10. Bxa5 b6 11. Bb4 a5 12. Bxe7 Kxe7 13. cxd5 cxd5 14. Rc7 Kd8
15. Qc2 Ke7 16. Bb5 Rd8 17. Nxb6 Nd6 18. Bxd7 Bxd7 19. Nxa8 Rxa8 20. Ne5 Rd8
21. Nc6+ Kf6 22. Nxd8 Be8 23. Qxh7 Nb5 24. Qh4+ g5 25. Qh8+ Kf5 26. Qxe8 Nxc7
27. Qxf7+ Kg4 28. h3+ 1-0

[Event "LGA Premium Cup"]
[Site "schach.lga.de"]
[Date "2004.09.12"]
[Round "4"]
[White "Schäfer, Ann-Kathrin"]
[Black "Kittler, Alexander"]
[Result "0-1"]
[WhiteElo "1010"]
[BlackElo "1271"]
[PlyCount "100"]
[EventDate "2004.09.12"]
[SourceDate "2004.09.25"]

1. e4 d5 2. exd5 Nf6 3. Nc3 Nxd5 4. Bc4 Nxc3 5. Qf3 e6 6. Qxc3 Nc6 7. d3 Bb4 8.
Nf3 Bxc3+ 9. bxc3 O-O 10. O-O Bd7 11. Re1 Re8 12. Rb1 Na5 13. Bb5 a6 14. Bxd7
Qxd7 15. Re5 Nc6 16. Rg5 Rad8 17. Rg3 Kh8 18. Bb2 e5 19. c4 Nd4 20. Re1 Nxf3+
21. gxf3 Re6 22. Rxe5 Rxe5 23. Bxe5 f6 24. Bc3 Qa4 25. Rg4 Qxc2 26. Bd4 Qxa2
27. Bc5 Qb1+ 28. Kg2 Qxd3 29. Be7 Re8 30. Bb4 a5 31. Bc5 b6 32. Be3 Rxe3 33.
fxe3 Qxe3 34. Re4 Qxe4 35. fxe4 a4 36. c5 a3 37. cxb6 cxb6 38. Kf3 a2 39. e5
a1=Q 40. e6 Qe5 41. e7 g5 42. e8=Q+ Qxe8 43. h3 h5 44. h4 Qc6+ 45. Kg3 Qc3+ 46.
Kf2 Qd3 47. Kg2 g4 48. Kh1 Qe2 49. Kg1 g3 50. Kh1 Qh2# 0-1

[Event "LGA Premium Cup"]
[Site "schach.lga.de"]
[Date "2004.09.12"]
[Round "4"]
[White "Hennch, Thomas"]
[Black "Lingl, Xenia"]
[Result "0-1"]
[WhiteElo "794"]
[BlackElo "1215"]
[PlyCount "56"]
[EventDate "2004.09.12"]
[SourceDate "2004.09.25"]

1. e4 e5 2. Nf3 Nc6 3. Bc4 Bc5 4. d3 Nf6 5. Nc3 h6 6. O-O d6 7. h3 Ne7 8. Nd5
Ng6 9. d4 Bb6 10. dxe5 dxe5 11. Nxf6+ Qxf6 12. Qd5 O-O 13. b3 c6 14. Qd2 Bxh3
15. Ne1 Rad8 16. Qc3 Bd4 17. Qxh3 Bxa1 18. c3 Rd1 19. Be3 Bxc3 20. Nd3 Rxf1+
21. Kxf1 b5 22. Nc5 bxc4 23. Bxh6 Qd6 24. Qxc3 gxh6 25. b4 Qd4 26. Qf3 Nh4 27.
Qg4+ Kh7 28. g3 Qa1+ 0-1